000
00282nam a2200121Ia 4500
005
20260328101510.0
008
260328s9999||||xx |||||||||||||| ||und||
100
_a
Hervé, Lucien
245
0
_a
Le Corbusier /
_c
Lucien Hervé
260
_b
----
650
_a
Corbusier, Le
942
_c
BK
999
_c
9188
_d
9188